00885 a2200205 4500003000500000005001700005010001700022020002800039040000900067082001500076100002100091245005600112260004700168300003400215505025600249650002700505650003200532650002400564856009100588Nust20220726160132.0 a 2005049280 a0849337585 (alk. paper) cNust00a004.22,SHI1 aShiva, Sajjan G.10aAdvanced computer architectures /cSajjan G. Shiva. aBoca Raton :bCRC Taylor & Francis,c2006. axiv, 335 p. :bill. ;c25 cm. aIntroduction (Page-1), Uni processor Architecture Overview (Page-15), Models and Terminology (Page-49), Pipe lining (Page-73), Vector Processors (Page-123), Array Processors (Page-167), Multiprocessor Systems (Page-221), Current Directions (Page-283). 0aComputer architecture. 0aHigh performance computing. 0aParallel computers.423Publisher descriptionuhttp://www.loc.gov/catdir/enhancements/fy0648/2005049280-d.html